Kitüntetett biológusok
Elmentve itt :
| Dokumentumtípus: | Cikk |
|---|---|
| Megjelent: |
2007-05-29
|
| Sorozat: | Délmagyarország
97 No. 123 |
| Kulcsszavak: | Molnár József, Gelei József-díj, Bába Károly, Gorka Sándor-díj |
| Online Access: | http://dmarchiv.bibl.u-szeged.hu/127265 |
| LEADER | 00451nab a2200145 i 4500 | ||
|---|---|---|---|
| 001 | delm127265 | ||
| 005 | 20200106134838.0 | ||
| 008 | 200106s2007 hu o 0|| hun d | ||
| 040 | |a SZTE Délmagyarország Archívum |b hun | ||
| 041 | |a hun | ||
| 245 | 0 | 0 | |a Kitüntetett biológusok |h [elektronikus dokumentum] |
| 260 | |c 2007-05-29 | ||
| 300 | |a 4 | ||
| 490 | 0 | |a Délmagyarország |v 97 No. 123 | |
| 695 | |a Molnár József, Gelei József-díj, Bába Károly, Gorka Sándor-díj | ||